[Event "GER-ch NSV Online 1st"]
[Site "Playchess.com INT"]
[Date "2020.04.26"]
[Round "1"]
[White "Kausche, Peter W"]
[Black "Kozik, Andreas"]
[Result "0-1"]
[WhiteElo "1629"]
[BlackElo "1952"]
[PlyCount "130"]
[EventDate "2020.04.26"]
[EventType "swiss (blitz)"]
[EventRounds "13"]
[EventCountry "GER"]
[SourceTitle "CBM 196 Extra"]
[Source "ChessBase"]
[SourceDate "2020.07.31"]
[SourceVersion "1"]
[SourceVersionDate "2020.07.31"]
[SourceQuality "1"]

1. Nf3 g6 2. g3 Bg7 3. Bg2 c5 4. 0-0 Nc6 5. d4 cxd4 6. Nbd2 d5 7. Nb3 e5 8. c3 dxc3 9. bxc3 Nge7 10. Bb2 0-0 11. Rb1 Bf5 12. Rc1 Rc8 13. Nh4 Be6 14. Nf3 b6 15. Ng5 Qd7 16. Nxe6 Qxe6 17. Nd2 e4 18. e3 Ne5 19. Qb3 Nd3 20. Rcd1 Nxb2 21. Qxb2 Bxc3 22. Qa3 Rc7 23. Nb1 Be5 24. Nc3 Bxc3 25. h4 Be5 26. Rd2 Rfc8 27. Rfd1 f5 28. Bh3 Qd6 29. Qb3 Rc3 30. Qa4 Ra3 31. Qb5 a6 32. Qe2 Rac3 33. f3 Rc1 34. fxe4 Qc5 35. exd5 Rxd1+ 36. Rxd1 Nxd5 37. Kh2 Nxe3 38. Rd2 Bd4 39. a4 Qc3 40. Bg2 Kg7 41. Ra2 Nxg2 42. Kxg2 Qe3 43. Qxe3 Bxe3 44. Rb2 Bd4 45. Rb3 Rc2+ 46. Kf3 a5 47. Rb5 Rc3+ 48. Ke2 Bc5 49. Rb2 Rxg3 50. Rd2 Rg2+ 51. Kd3 Rxd2+ 52. Kxd2 h5 53. Kd3 Bf2 54. Ke2 Bxh4 55. Kf3 Be7 56. Ke3 Bc5+ 57. Kd3 Kf6 58. Kc4 Ke5 59. Kd3 f4 60. Ke2 g5 61. Kf1 f3 62. Ke1 f2+ 63. Kf1 g4 64. Kg2 g3 65. Kh1 f1Q# 0-1

[Event "GER-ch NSV Online 1st"]
[Site "Playchess.com INT"]
[Date "2020.04.26"]
[Round "5"]
[White "Kausche, Peter W"]
[Black "Pubantz, Jan"]
[Result "0-1"]
[WhiteElo "1629"]
[BlackElo "2306"]
[PlyCount "174"]
[EventDate "2020.04.26"]
[EventType "swiss (blitz)"]
[EventRounds "13"]
[EventCountry "GER"]
[SourceTitle "CBM 196 Extra"]
[Source "ChessBase"]
[SourceDate "2020.07.31"]
[SourceVersion "1"]
[SourceVersionDate "2020.07.31"]
[SourceQuality "1"]

1. Nf3 d5 2. g3 Bg4 3. Bg2 Nf6 4. 0-0 c6 5. c4 e6 6. cxd5 cxd5 7. Qa4+ Qd7 8. Qxd7+ Nfxd7 9. b3 Be7 10. Bb2 Bf6 11. Nc3 Nc6 12. Rab1 0-0 13. Ba3 Be7 14. Bxe7 Nxe7 15. Rfc1 Rac8 16. Nb5 Nc6 17. Nbd4 Rfd8 18. Nxc6 bxc6 19. h3 Bf5 20. d3 c5 21. Nh4 Bg6 22. Nxg6 hxg6 23. Rc2 Nb6 24. Rbc1 c4 25. dxc4 dxc4 26. bxc4 Rd4 27. c5 Nd5 28. e4 Nb4 29. Rb2 Nd3 30. Rd1 e5 31. Rbd2 Nxc5 32. Rxd4 exd4 33. Rxd4 Kf8 34. e5 Ke7 35. Bf1 Rc7 36. f4 Ne6 37. Ra4 Nc5 38. Rc4 Kd7 39. Be2 Kc6 40. Bf3+ Kb5 41. Rc1 Rd7 42. a4+ Kb6 43. a5+ Kb5 44. Rb1+ Kxa5 45. Be2 a6 46. Kf2 Rb7 47. Ra1+ Kb6 48. Rb1+ Kc7 49. Rc1 Kb6 50. Bf3 Rc7 51. Rb1+ Ka7 52. Ra1 Kb6 53. g4 Nd3+ 54. Ke3 Nc5 55. f5 gxf5 56. gxf5 Re7 57. Kf4 Nd3+ 58. Kg5 Nxe5 59. Rb1+ Ka7 60. Bg2 f6+ 61. Kf4 Nd3+ 62. Kg4 a5 63. Bf1 Nb4 64. Ra1 Kb6 65. Rb1 Re4+ 66. Kf3 Re5 67. Kf4 Rd5 68. Bg2 Rd4+ 69. Ke3 Rc4 70. Bf1 Rc2 71. Rd1 a4 72. Rd7 a3 73. Bd3 Rc3 74. Kd2 Rxd3+ 75. Rxd3 Nxd3 76. Kxd3 a2 77. Kc2 a1Q 78. h4 Qe5 79. h5 Qxf5+ 80. Kc3 Qxh5 81. Kd3 Qf3+ 82. Kd4 Kc6 83. Kc4 Qe4+ 84. Kc3 Kc5 85. Kd2 Qf3 86. Kc2 Kc4 87. Kd2 Qf2+ 0-1

[Event "Hannover Ihme Cup"]
[Site "Hannover"]
[Date "2017.04.29"]
[Round "3.24"]
[White "Kausche, Peter W"]
[Black "Luecke, Kristina"]
[Result "1-0"]
[WhiteElo "1704"]
[BlackElo "1412"]
[PlyCount "61"]
[EventDate "2017.04.28"]
[EventType "swiss"]
[EventRounds "5"]
[EventCountry "GER"]
[SourceTitle "EXT 2022"]
[Source "ChessBase"]
[SourceDate "2021.10.06"]
[SourceVersion "1"]
[SourceVersionDate "2021.10.06"]
[SourceQuality "1"]

1. b4 e5 2. Bb2 Bxb4 3. Bxe5 Nc6 4. Bxg7 d5 5. Bxh8 f6 6. e3 Bf5 7. Bd3 Bg6 8. Bxg6+ hxg6 9. Qg4 Kf7 10. Qh4 d4 11. Qh7+ Ke6 12. Qxg6 Nge7 13. Qxf6+ Kd7 14. Nf3 Qxh8 15. Qxh8 Rxh8 16. exd4 Nf5 17. Ne5+ Nxe5 18. dxe5 Re8 19. f4 Ne3 20. c3 Nxg2+ 21. Kf2 Nxf4 22. cxb4 Nd3+ 23. Kg2 Nxe5 24. Nc3 Rg8+ 25. Kf1 Rf8+ 26. Ke2 Nc6 27. a3 Re8+ 28. Kd3 Ne5+ 29. Kc2 Nf3 30. Raf1 Nh4 31. Rf7+ 1-0

[Event "Hannover Ihme Cup"]
[Site "Hannover"]
[Date "2017.04.28"]
[Round "1.15"]
[White "Kausche, Peter W"]
[Black "Hauernherm, Stefan"]
[Result "0-1"]
[WhiteElo "1704"]
[BlackElo "2082"]
[PlyCount "82"]
[EventDate "2017.04.28"]
[EventType "swiss"]
[EventRounds "5"]
[EventCountry "GER"]
[SourceTitle "EXT 2022"]
[Source "ChessBase"]
[SourceDate "2021.10.06"]
[SourceVersion "1"]
[SourceVersionDate "2021.10.06"]
[SourceQuality "1"]

1. g3 g6 2. Bg2 Bg7 3. c4 d6 4. d4 Nf6 5. Nc3 0-0 6. Nf3 Nbd7 7. 0-0 e5 8. dxe5 dxe5 9. b3 Re8 10. Bb2 c6 11. Ng5 Qe7 12. Nge4 Nxe4 13. Nxe4 Bf8 14. a4 Rd8 15. Ba3 c5 16. Qc1 Rb8 17. f4 f5 18. Ng5 e4 19. Bb2 h6 20. Qc3 hxg5 21. Qh8+ Kf7 22. Qh7+ Ke8 23. Qxg6+ Qf7 24. Qxg5 Be7 25. Qh6 Bf6 26. Be5 Ke7 27. Bxb8 Nxb8 28. Rad1 Rh8 29. Qxh8 Bxh8 30. Rd5 Bd4+ 31. Kh1 Be6 32. Bxe4 fxe4 33. Rg5 Bc3 34. Rxc5 Nc6 35. f5 Bd4 36. Rb5 b6 37. Rf4 a6 38. Rxe4 axb5 39. Rxe6+ Kd7 40. axb5 Qxf5 41. bxc6+ Kxe6 0-1

[Event "Hannover Ihme Cup"]
[Site "Hannover"]
[Date "2014.05.10"]
[Round "2"]
[White "Kausche, Peter W"]
[Black "Titzhoff, Frank"]
[Result "0-1"]
[WhiteElo "1751"]
[BlackElo "2118"]
[PlyCount "58"]
[EventDate "2014.05.09"]
[EventType "swiss"]
[EventRounds "5"]
[EventCountry "GER"]
[SourceTitle "EXT 2021"]
[Source "ChessBase"]
[SourceDate "2020.10.23"]
[SourceVersion "1"]
[SourceVersionDate "2020.10.23"]
[SourceQuality "1"]

1. g3 d5 2. Nf3 Nf6 3. Bg2 e6 4. 0-0 Be7 5. b3 0-0 6. Bb2 c5 7. e3 Nc6 8. d4 Qc7 9. c4 cxd4 10. exd4 Bd7 11. Nc3 dxc4 12. bxc4 Na5 13. c5 Nc4 14. Rb1 Nxb2 15. Rxb2 Bc6 16. Qb3 Rad8 17. Nb5 Qa5 18. Rd1 Bxc5 19. Ne5 Bxb5 20. Qxb5 Qxb5 21. Rxb5 Bxd4 22. Bxb7 Bxf2+ 23. Kxf2 Rxd1 24. Ra5 Rd2+ 25. Kg1 Nd7 26. Nc6 g6 27. Rxa7 Nc5 28. Ne7+ Kg7 29. Bf3 Rb8 0-1

[Event "Braunschweig Oker Cup"]
[Site "Braunschweig"]
[Date "2011.12.04"]
[Round "5"]
[White "Grabenhorst, Joerg"]
[Black "Kausche, Peter W"]
[Result "1-0"]
[WhiteElo "1865"]
[BlackElo "1513"]
[PlyCount "129"]
[EventDate "2011.12.02"]
[EventType "swiss"]
[EventRounds "5"]
[EventCountry "GER"]
[SourceTitle "EXT 2013"]
[Source "ChessBase"]
[SourceDate "2012.11.22"]
[SourceVersion "1"]
[SourceVersionDate "2012.11.22"]
[SourceQuality "1"]

1. Nf3 Nf6 2. c4 c5 3. Nc3 g6 4. g3 Bg7 5. Bg2 0-0 6. 0-0 d6 7. a3 Nc6 8. Rb1 Bf5 9. d3 Qd7 10. Re1 Rab8 11. Bd2 Bh3 12. Bh1 Ng4 13. Ng5 Nh6 14. Nxh3 Qxh3 15. Bg2 Qh5 16. b4 cxb4 17. axb4 Bd4 18. e3 Qxd1 19. Rexd1 Bg7 20. b5 Ne5 21. Nd5 Rfe8 22. Nb4 a5 23. bxa6 bxa6 24. f4 a5 25. fxe5 axb4 26. exd6 exd6 27. Bxb4 Rxe3 28. Bxd6 Rxb1 29. Rxb1 Bd4 30. Kh1 Ng4 31. h3 Nf2+ 32. Kh2 Nxd3 33. Rd1 Bc5 34. Rxd3 Rxd3 35. Bxc5 Rc3 36. Bd5 Rc2+ 37. Kg1 Rc1+ 38. Kg2 h5 39. h4 Kg7 40. Be3 Rc2+ 41. Kf3 f6 42. c5 g5 43. hxg5 fxg5 44. c6 h4 45. gxh4 gxh4 46. Bf4 Rc4 47. c7 Rc3+ 48. Kg4 Kf8 49. Bb7 Ke7 50. c8Q Rxc8 51. Bxc8 Kd8 52. Bf5 Ke7 53. Kxh4 Kf6 54. Kg4 Ke7 55. Be5 Kf7 56. Kg5 Ke7 57. Kg6 Kf8 58. Kf6 Ke8 59. Bc7 Kf8 60. Bg6 Kg8 61. Bd6 Kh8 62. Bf5 Kg8 63. Be6+ Kh8 64. Bf8 Kh7 65. Bf5+ 1-0

[Event "Braunschweig Oker Cup"]
[Site "Braunschweig"]
[Date "2011.12.02"]
[Round "1"]
[White "Gruender, Michael"]
[Black "Kausche, Peter W"]
[Result "1-0"]
[WhiteElo "2024"]
[BlackElo "1513"]
[PlyCount "75"]
[EventDate "2011.12.02"]
[EventType "swiss"]
[EventRounds "5"]
[EventCountry "GER"]
[SourceTitle "EXT 2013"]
[Source "ChessBase"]
[SourceDate "2012.11.22"]
[SourceVersion "1"]
[SourceVersionDate "2012.11.22"]
[SourceQuality "1"]

1. Nf3 Nf6 2. c4 c5 3. Nc3 g6 4. g3 Bg7 5. Bg2 0-0 6. 0-0 a6 7. d4 cxd4 8. Nxd4 Nc6 9. c5 Nxd4 10. Qxd4 Ne8 11. Qd3 Qa5 12. Be3 d6 13. Nd5 Qd8 14. Qa3 Be6 15. Nb6 Rb8 16. Rfd1 Nc7 17. Qb4 d5 18. Rac1 Bd7 19. Nxd5 Nxd5 20. Bxd5 Qc8 21. Bf4 e5 22. Bg5 Bc6 23. Qc4 Bxd5 24. Rxd5 Qe6 25. b3 h6 26. Bd2 b5 27. cxb6 Rxb6 28. Ra5 Qxc4 29. Rxc4 Rd8 30. Be3 Re6 31. Rc7 Rdd6 32. Rac5 e4 33. Rc4 f5 34. Ra7 Rc6 35. Rb4 Re8 36. a4 g5 37. Rb6 Rec8 38. Rbxa6 1-0

[Event "Niedersachsen-ch open"]
[Site "Verden"]
[Date "2010.01.04"]
[Round "4.10"]
[White "Eschholz, Enno"]
[Black "Kausche, Peter W"]
[Result "1-0"]
[WhiteElo "2198"]
[BlackElo "1549"]
[PlyCount "25"]
[EventDate "2010.01.03"]
[EventType "swiss"]
[EventRounds "7"]
[EventCountry "GER"]
[SourceTitle "EXT 2012"]
[Source "ChessBase"]
[SourceDate "2011.11.24"]
[SourceVersion "1"]
[SourceVersionDate "2011.11.24"]
[SourceQuality "1"]

1. e4 g6 2. d4 Bg7 3. Nc3 e6 4. Be3 Ne7 5. Qd2 d5 6. 0-0-0 dxe4 7. Nxe4 Nf5 8. Bg5 Qxd4 9. Qb4 Qxb2+ 10. Qxb2 Bxb2+ 11. Kxb2 0-0 12. g4 Ng7 13. Be7 1-0